Bezirk Ouest lausannois - Statistiken

Allgemein
  • Dieses Quiz wurde 15 mal gespielt
  • Das Durchschnittsergebnis liegt bei 6 aus 8
Antwortstatistiken
Gemeinde Einwohner % Korrekt
Bussigny 10'365
100%
Chavannes-près-Renens 8737
100%
Prilly 12'294
100%
Crissier 9181
75%
Renens 21'086
75%
Saint-Sulpice 5046
75%
Ecublens 13'118
50%
Villars-Sainte-Croix 982
50%
Keine übereinstimmenden Quizze gefunden
Verteilung der Resultate
Anzahl Personen mit jedem Resultat
Perzentil nach korrekt beantworteten Fragen
Ihre Resultats-Entwicklung
Sie haben dieses Quiz noch nicht gespielt